Datum a čas kvízu
36
Celkem bodů
Celkový počet nahraných bodů na tomto kvízu bez doplňovacích otázek.
2.
Pořadí na kvízu
Konečné umístění týmu na tomto kvízu.
Zaznamenané odpovědi
| # | Otázka | Odpověď | Body | Výsledky |
|---|---|---|---|---|
| 1. | Národní park České Švýcarsko z... | rysa ostrovida | 0 | |
| 2. | Německý turista neuspěl se svo... | C | 1 | |
| 3. | Český rozhlas minulý týden ozn... | Libor Bouček | 0 | |
| 4. | Ministryně financí Alena Schil... | Kobra | 1 | |
| 5. | Dvacetiletá Gloria Lurdes Manu... | běh na 400 m | 1 | |
| 1. | Vítězné téma „vražedně“ těsnéh... | Hercule Poirot | 1 | |
| 2. | Fiktivní detektiv třetí třídy... | Ed McBain, New York | 1 | |
| 3. | Přiřaďte autory severských det... | 1D 2B 3A 4C | 1 | |
| 4. | Pán ohně, Čtvrtá oběť, Sál smr... | Peter May, Čína | 1 | |
| 5. | Jednou z nejúspěšnějších český... | Zmizela v mlze (Norsko), Ostrov šedých mnichů (Nizozemsko) | 0 |